The law of the sea: topical problems (Record no. 345)

MARC details
000 -LEADER
fixed length control field 00528nam a2200145 a 4500
008 - FIXED-LENGTH DATA ELEMENTS--GENERAL INFORMATION
fixed length control field 120926s1977 ||||||||||||||||| || u
050 ## - LIBRARY OF CONGRESS CALL NUMBER
Classification number KJ 651 LAW
110 ## - MAIN ENTRY--CORPORATE NAME
Corporate name or jurisdiction name as entry element Soviet Maritime Law Association
245 14 - TITLE STATEMENT
Title The law of the sea: topical problems
260 ## - PUBLICATION, DISTRIBUTION, ETC.
Place of publication, distribution, etc. Moscow:
Date of publication, distribution, etc. 1977
300 ## - PHYSICAL DESCRIPTION
Extent 131p.
650 ## - SUBJECT ADDED ENTRY--TOPICAL TERM
Topical term or geographic name entry element MARITIME LAW--CONGRESSES
650 ## - SUBJECT ADDED ENTRY--TOPICAL TERM
Topical term or geographic name entry element MARINE RESOURCES--CONGRESSES
995 ## -
-- SPECIAL COLLECTIONS
-- 500133
-- CBU-DAG HAMMARSKJOLD INSTITUTE LIBRARY
-- DAG KJ 651 LAW
-- 1
-- AVAILABLE
-- Nov 7, 2012
-- 500133
-- DHIPS Book Collection
999 ## -
-- 345
-- 345
Holdings
Withdrawn status Lost status Source of classification or shelving scheme Damaged status Not for loan Permanent Location Current Location Shelving location Date acquired Total Checkouts Full call number Barcode Date last seen Price effective from Koha item type
          CBU-DAG HAMMARSKJOLD INSTITUTE CBU-DAG HAMMARSKJOLD INSTITUTE   11/28/2022   KJ 651 LAW 500133 11/28/2022 11/28/2022 MONOGRAPH